000 01123cam a22002054a 4500
005 20250605164118.0
008 250528s ||||||||||||||||||||||||d
035 _a18161
020 _a1850322783
040 _aGR-AtMCL
_bgre
_dGR-AtMCL
_eAACR2
245 1 _aMaking Sense of Modula-2
260 _bInternational Thomson Business Press,
_c1994
300 _a402
520 _aThis book combines a course in the use of this popular language with an easy-to-follow course on program design based upon current methods. Acknowledgements, Getting Started, Dealing with Data, Structuring Programs, Block Structure and Scope, IF Statement and BOOLEAN Types, FOR Statement and ARRAY Types, WHILE and REPEAT and LOOP Statements, Handling Text Files, CASE Statement and Enumerated Types, RECORD and SET Types, Using Modules, Sorting and Searching Algorithms, A Study in Design, POINTER Types, Binary Trees, Simulation Using a Priority Queue, Low Level Facilities, The Epilogue, Appendices, Index.
700 1 _aGlendinning Irene
_94451
700 1 _aTatham Eric W
_94452
942 _cBK
999 _c3541
_d3541